| Registos Bibliográficos associados ao registo de autoridade |
|
Etiqueta de registo: 00000nkm 2200025 450 001 2270745 003 http://id.bnportugal.gov.pt/bib/catbnp/2270745 100 ## $a20260224f19851995m y0pory01030103ba 101 0# $apor 102 ## $aPT 200 1# $aPorto - Portugal, Homenagem da Cidade ao Futebol Clube do Porto$bVisual gráfico]$fCâmara Municipal do Porto$gJoão Machado 210 #9 $aPorto$cCâmara Municipal do Porto,$d[entre 1985 e 1995]$e[S.l.] :$gRocha/ Artes Gráficas) 215 ## $a1 cartaz$ccolor.$d68x48 cm 317 ## $aColeção Madeira Luís 702 #1 $aMachado,$bJoão$4410$31986993 710 01 $aPorto.$bCâmara Municipal$313566 801 #0 $aPT$bBN$gRPC 966 ## $lBN$mICONOG$sCT. 21535 A.$x3 971 ## $cCatmusica8$d20260224 995 ## $aPRR2026 $d20260224$iCatmusica8
Etiqueta de registo: 00000nkm 2200025 450 001 2276463 003 http://id.bnportugal.gov.pt/bib/catbnp/2276463 100 ## $a20260305d1991 m y0pory01030103ba 101 0# $apor 102 ## $aPT 200 1# $aAlimentação '91, 14ª Exposição Internacional de Alimentação, EXPONOR (Matosinhos)
Porto, 17 a 21 de abril$bVisual gráfico]$fAssociação Industrial Portuense$gdesign João Machado 210 #9 $a[Porto]$cAssociação Industrial Portuense,$d1991$e[Porto] :$gMARCA 215 ## $a1 cartaz$ccolor.$d68x48 cm 317 ## $aColeção Madeira Luís 702 #1 $aMachado,$bJoão$4410$31986993 710 01 $aExposição Internacional de Alimentação,$d14,$ePorto,$f1991$31993528 712 02 $aAssociação Industrial Portuense$3151 712 01 $aEXPONOR.$bDivisão de Feiras e Exposições$31989153 801 #0 $aPT$bBN$gRPC 966 ## $lBN$mICONOG$sCT. 23519 A.$x3 971 ## $cCaticonografia7$d20260305 995 ## $aPRR2026
Etiqueta de registo: 00000nkm 2200025 450 001 2276440 003 http://id.bnportugal.gov.pt/bib/catbnp/2276440 100 ## $a20260305d1986 m y0pory01030103ba 101 0# $apor 102 ## $aPT 200 1# $aEMAF '86, Exposição Internacional de Máquinas, Ferramentas e Acessórios, Palácio de
Cristal, Porto, 5 a 10 de novembro$bVisual gráfico]$fAssociação Industrial Portuense$gdesign João Machado 210 #9 $a[Porto]$cAssociação Industrial Portuense,$d1986$e[Porto] :$gRocha - Artes Gráficas 215 ## $a1 cartaz$ccolor.$d68x48 cm 317 ## $aColeção Madeira Luís 702 #1 $aMachado,$bJoão$4410$31986993 710 01 $aExposição Internacional de Máquinas, Ferramentas e Acessórios,$ePorto,$f1986$31993524 712 02 $aAssociação Industrial Portuense$3151 801 #0 $aPT$bBN$gRPC 966 ## $lBN$mICONOG$sCT. 23516 A.$x3 971 ## $cCaticonografia7$d20260305 995 ## $aPRR2026
Etiqueta de registo: 00000nkm 2200025 450 001 2276432 003 http://id.bnportugal.gov.pt/bib/catbnp/2276432 100 ## $a20260305d1991 m y0pory01030103ba 101 0# $apor 102 ## $aPT 200 1# $aMOPEC, Feira Internacional de Empilhadores, Máquinas de Construção e Obras Públicas,
EXPONOR (Matosinhos) Porto, 30 de janeiro a 3 de fevereiro 1991$bVisual gráfico]$fAssociação Industrial Portuense$gdesign João Machado 210 #9 $aPorto$cAssociação Industrial Portuense,$d1991$e[Porto] :$gRocha - artes gráficas, lda.) 215 ## $a1 cartaz$ccolor.$d67,9x48,1 cm 317 ## $aColeção Madeira Luís 702 #1 $aMachado,$bJoão$31986993 710 01 $aFeira Internacional de Empilhadores, Máquinas de Construção e Obras Públicas,$ePorto,$f1991$31993654 712 02 $aAssociação Industrial Portuense$3151 712 01 $aEXPONOR.$bDivisão de Feiras e Exposições$31989153 801 #0 $aPT$bBN$gRPC 966 ## $lBN$mICONOG$sCT. 23515 A.$x3 971 ## $cCaticonografia7$d20260305 995 ## $aPRR2026
Etiqueta de registo: 00000nkm 2200025 450 001 2276421 003 http://id.bnportugal.gov.pt/bib/catbnp/2276421 100 ## $a20260305d1986 m y0pory01030103ba 101 0# $apor 102 ## $aPT 200 1# $aEscritório '86, 1ª Exposição de Máquinas e Equipamentos para o Escritório, Palácio
de Cristal, Porto, 18 a 21 de outubro 1986$bVisual gráfico]$fAssociação Industrial Portuense$gdesign João Machado$gexecução de Rocha-Artes Gráficas 210 #9 $a[Porto]$cAssociação Industrial Portuense,$d1986 215 ## $a1 cartaz$ccolor.$d67,8x48,4 cm 317 ## $aColeção Madeira Luís 702 #1 $aMachado,$bJoão$31986993 710 01 $aExposição de Máquinas e Equipamentos para o Escritório,$d1,$ePorto,$f1986$31993519 712 02 $aAssociação Industrial Portuense$3151 712 02 $aRocha - Artes Gráficas, Lda.$31303165 801 #0 $aPT$bBN$gRPC 966 ## $lBN$mICONOG$sCT. 23513 A.$x3 971 ## $cCaticonografia7$d20260305 995 ## $aPRR2026
Etiqueta de registo: 00000nkm 2200025 450 001 2276416 003 http://id.bnportugal.gov.pt/bib/catbnp/2276416 100 ## $a20260305d1994 m y0pory01030103ba 101 0# $apor$aeng 102 ## $aPT 200 1# $a5ª Exposição Nacional de Produtos de Metalurgia e Metalomecânica, 2-6 novembro 1994$bVisual gráfico]$fAssociação Industrial Portuense$gdesign João Machado$gMarcas - Artes Gráficas 210 #9 $a[Porto]$cAssociação Industrial Portuense,$d1994 215 ## $a1 cartaz$ccolor.$d68x48,1 cm 317 ## $aColeção Madeira Luís 702 #1 $aMachado,$bJoão$4410$31986993 710 01 $aExposição Nacional de Produtos de Metalurgia e Metalomecânica,$d5,$e[Porto],$f1994$31993518 712 02 $aAssociação Industrial Portuense$3151 712 01 $aEXPONOR.$bDivisão de Feiras e Exposições$31989153 801 #0 $aPT$bBN$gRPC 966 ## $lBN$mICONOG$sCT. 23512 A.$x3 971 ## $cCaticonografia7$d20260305 995 ## $aPRR2026
Etiqueta de registo: 00000nkm 2200025 450 001 2276401 003 http://id.bnportugal.gov.pt/bib/catbnp/2276401 100 ## $a20260305d1991 m y0pory01030103ba 101 0# $apor 102 ## $aPT 200 1# $aALITEC '91, 1ª Exposição de Equipamentos para a Indústria Alimentar, EXPONOR (Matosinhos)
Porto, 17 a 21 abril 1991$bVisual gráfico]$fAssociação Industrial Portuense$gdesign João Machado 210 #9 $a[Porto]$cAssociação Industrial Portuense,$d1991 215 ## $a1 cartaz$ccolor.$d67,8x48 cm 317 ## $aColeção Madeira Luís 702 #1 $aMachado,$bJoão$31986993 710 01 $aExposição de Equipamentos para a Indústria Alimentar,$d1,$ePorto,$f1991$31993516 712 02 $aAssociação Industrial Portuense$3151 712 01 $aEXPONOR.$bDivisão de Feiras e Exposições$31989153 801 #0 $aPT$bBN$gRPC 966 ## $lBN$mICONOG$sCT. 23511 A.$x3 971 ## $cCaticonografia7$d20260305 995 ## $aPRR2026
Etiqueta de registo: 00000nkm 2200025 450 001 2277969 003 http://id.bnportugal.gov.pt/bib/catbnp/2277969 100 ## $a20260309d1987 m y0pory01030103ba 101 0# $apor 102 ## $aPT 200 1# $aEncontro Nacional das PME, 2.º Salão de Criação de Empresas, Centro de Exposições
do Norte, Matosinhos, 15 a 18 de janeiro de 1987$bVisual gráfico]$fCentro de Exposições do Norte - EXPONOR$gdesign : João Machado 210 #9 $aMatosinhos.$cEXPONOR,$d1987 215 ## $a1 cartaz$ccolor.$d64x44,5 cm 317 ## $aColeção Madeira Luís 702 #1 $aMachado,$bJoão$4410$31986993 710 02 $aEncontro Nacional das Pequenas Médias Empresas,$bSalão de Criação de Empresas,$d2,$eEXPONOR (Matosinhos],$f1987$31989848 712 02 $aEXPONOR$336187 801 #0 $aPT$bBN$gRPC 966 ## $lBN$mICONOG$sCT. 23851 A.$x3 971 ## $cCaticonografia7$d20260309 995 ## $aPRR2026
Etiqueta de registo: 00000nkm 2200025 450 001 2278507 003 http://id.bnportugal.gov.pt/bib/catbnp/2278507 100 ## $a20260310d1989 m y0pory01030103ba 101 0# $apor 102 ## $aPT 200 1# $aII Feira de Artesanato da Região Norte, Mercado Ferreira Borges, Porto, 30-11 a 10-12-89$bVisual gráfico]$fInstituto do Emprego e Formação Profissional$gdesign João Machado 210 #9 $a[Lisboa]$cInstituto do Emprego e Formação Profissional,$d1989$eS. Mamede Infesta :$gLito Of. Artistas Reunidos) 215 ## $a1 cartaz$ccolor.$d68,9x47,9 cm 317 ## $aColeção Madeira Luís 702 #1 $aMachado,$bJoão$4410$31986993 710 02 $aFeira de Artesanato da Região Norte,$d2,$ePorto,$f1989$31990226 712 01 $aPortugal.$bInstituto do Emprego e Formação Profissional$4557$329156 801 #0 $aPT$bBN$gRPC 966 ## $lBN$mICONOG$sCT. 23764 A.$x3 971 ## $cCaticonografia5$d20260310 972 ## $d20260312$e1$vfpinelo$z0 995 ## $aPRR2026
Etiqueta de registo: 00000nkm 2200025 450 001 2279867 003 http://id.bnportugal.gov.pt/bib/catbnp/2279867 100 ## $a20260312d1988 m y0pory01030103ba 101 0# $apor 102 ## $aPT 200 1# $aFestival de Música Luso-Americana, Sexteto de Maria João, Auditório Nacional Carlos
Alberto, 13 de maio de 1988$bVisual gráfico]$fDesign: João Machado$gExecução: Rocha/Artes Gráficas 210 #9 $a[S.l.$cs.n.],$d1988 215 ## $a1 cartaz$ccolor.$d68x48 cm 317 ## $aColeção Madeira Luís 702 #1 $aMachado,$bJoão$4410$31986993 712 02 $aRocha - Artes Gráficas, Lda.$4310$31303165 801 #0 $aPT$bBN$gRPC 966 ## $lBN$mICONOG$sCT. 24473 A.$x3 971 ## $cCaticonografia3$d20260312 995 ## $aPRR2026
Etiqueta de registo: 00000nkm 2200025 450 001 2279783 003 http://id.bnportugal.gov.pt/bib/catbnp/2279783 100 ## $a20260312d1988 m y0pory01030103ba 101 0# $apor 102 ## $aPT 200 1# $aFestival de Música Luso-Americana, António Pinho Vargas, Auditório Nacional Carlos
Alberto, 8 de abril de 1988$bVisual gráfico]$fDesign: João Machado$gExecução: Rocha/Artes Gráficas 210 #9 $a[S.l.$cs.n.],$d1988 215 ## $a1 cartaz$ccolor.$d68,1x48 cm 317 ## $aColeção Madeira Luís 702 #1 $aMachado,$bJoão$4410$31986993 712 02 $aRocha - Artes Gráficas, Lda.$4130$31303165 801 #0 $aPT$bBN$gRPC 966 ## $lBN$mICONOG$sCT. 24466 A.$x3 971 ## $cCaticonografia3$d20260312 995 ## $aPRR2026
Etiqueta de registo: 00000nkm 2200025 450 001 2280873 003 http://id.bnportugal.gov.pt/bib/catbnp/2280873 100 ## $a20260317f19801989m y0pory01030103ba 101 0# $apor 102 ## $aPT 200 1# $aRecital Beethoven, Helena Sá da Costa, Auditório Nacional Carlos Alberto, 18 de dezembro$bVisual gráfico]$fAuditório Nacional Carlos Alberto$gDesign de João Machado 210 #9 $a[Porto]$cAuditório Nacional Carlos Alberto,$d[entre 1980 e 1989]$e[Vila Nova de Gaia] :$gRocha Artes Gráficas) 215 ## $a1 cartaz$ccolor.$d67,8x47,8 cm 306 ## $aDatação atribuída em conformidade com o evento anunciado e as designações institucionais 317 ## $aColeção Madeira Luís 702 #1 $aMachado,$bJoão$4410$31986993 710 02 $aAuditório Nacional Carlos Alberto$360671 801 #0 $aPT$bBN$gRPC 966 ## $lBN$mICONOG$sCT. 25012 A.$x3 971 ## $cCaticonografia5$d20260317 995 ## $aPRR2026
Etiqueta de registo: 00000nkm 2200025 450 001 2282632 003 http://id.bnportugal.gov.pt/bib/catbnp/2282632 100 ## $a20260323d1990 m y0pory01030103ba 101 0# $apor 102 ## $aPT 200 1# $aExposição-colóquio As Cores do Corpo, Maio-Junho 90$bVisual gráfico]$fFundação de Serralves$gDesign João Machado 210 #9 $aPorto$cFundação de Serralves,$d1990$e[S.l.] :$gRocha-artes gráficas, Lda. 215 ## $a1 cartaz frente e verso$ccolor.$d48x66 cm 317 ## $aColeção Madeira Luís 702 #1 $aMachado,$bJoão$4410$31986993 710 02 $aFundação de Serralves$38000 801 #0 $aPT$bBN$gRPC 966 ## $lBN$mICONOG$sCT. 25834 A.$x3 971 ## $cCaticonografia9$d20260323 995 ## $aPRR2026
|
|
|